[Event "8° Torneo \"Un Matto all'Ora\""]
[Site "?"]
[Date "2026.05.02"]
[Round "2"]
[White "Chiodi, Roberto"]
[Black "Zincani, Riccardo"]
[Result "0-1"]
[WhiteElo "1769"]
[BlackElo "2012"]
[WhiteFideId "-1"]
[BlackFideId "-1"]
[PlyCount "74"]
[GameId "2306500052717638"]
[SourceVersionDate "2026.05.05"]

1. d4 Nf6 2. c4 c5 3. d5 b5 4. cxb5 a6 5. bxa6 g6 6. Nc3 Bxa6 7. g3 d6 8. Bg2 Bg7 9. Nf3 O-O 10. O-O Nbd7 11. Rb1 Qa5 12. Bd2 Rfb8 13. Qc2 Ng4 14. Rfd1 Nge5 15. Nxe5 Nxe5 16. b3 Qc7 17. a4 Rb7 18. f4 Nd7 19. Bf3 Rab8 20. Ne4 Nb6 21. Bc3 Bxc3 22. Qxc3 c4 23. a5 Na4 24. Qa1 Nc5 25. bxc4 Nb3 26. Qc3 Qxc4 27. Qe1 Rb5 28. Rd3 Nd4 29. Rxb5 Nxf3+ 30. exf3 Rxb5 31. Rc3 Qxd5 32. Rc7 Rxa5 33. Rxe7 Qd4+ 34. Kg2 Ra1 35. Re8+ Kg7 36. Qc3 Bf1+ 37. Kh1 Bh3+ 0-1